[Event "ch-FRA Blitz Online Qual"]
[Site "Europe-Chess INT"]
[Date "2020.05.16"]
[Round "3"]
[White "Razafindratsima, Timothe"]
[Black "Cadieu, Corentin"]
[Result "1-0"]
[WhiteTitle "FM"]
[WhiteElo "2336"]
[BlackElo "1524"]
[WhiteFideId "36069884"]
[BlackFideId "26023180"]
[EventDate "2020.05.16"]

1. e4 e6 2. d4 d5 3. Nd2 c5 4. exd5 exd5 5. Ngf3 Nf6 6. Bb5+ Nc6 7. O-O Be6 8.
Ne5 Qc7 9. c3 Bd6 10. Ndf3 O-O 11. Re1 cxd4 12. cxd4 a6 13. Bd3 Nd7 14. Ng5 h6
15. Nxe6 fxe6 16. Qg4 Ndxe5 17. dxe5 Nxe5 18. Qxe6+ Kh8 19. Rxe5 Bxe5 20. Qg6
Kg8 21. Bxh6 Qf7 22. Qh7# 1-0

[Event "ch-FRA Blitz Online Qual"]
[Site "Europe-Chess INT"]
[Date "2020.05.16"]
[Round "3"]
[White "Falip Morales, Tom"]
[Black "Le Huec, Marc"]
[Result "0-1"]
[WhiteElo "1344"]
[BlackElo "2213"]
[WhiteFideId "45181764"]
[BlackFideId "624829"]
[EventDate "2020.05.16"]

1. e4 c5 2. Nf3 Nc6 3. d4 cxd4 4. Nxd4 e5 5. Nb5 d6 6. N1c3 a6 7. Na3 Be7 8. Nd5
Nf6 9. c4 O-O 10. Bd3 Rb8 11. O-O Be6 12. f4 Bxd5 13. cxd5 Nd4 14. fxe5 dxe5 15.
Nc2 Nxc2 16. Qxc2 Qb6+ 17. Kh1 Rbc8 18. Qe2 Nd7 19. Be3 Bc5 20. Bxc5 Nxc5 21.
Rf3 Rc7 22. Bc4 Qd6 23. a4 Rfc8 24. h3 Nxe4 25. Bd3 Nc5 26. Raf1 Nxd3 27. Qxd3
Rd8 28. Rd1 Rc5 29. Qf5 Qd7 30. Rdf1 Qxf5 31. Rxf5 f6 32. b4 Rcxd5 33. R5f2 Rd1
34. Kh2 Rxf1 35. Rxf1 Rd4 36. Rb1 b6 37. b5 axb5 38. Rxb5 Rxa4 39. Rxb6 h6 40.
Rb7 Kh7 41. h4 h5 42. Kh3 Kg6 43. g3 Ra3 44. Rb4 Kf5 45. Rc4 g6 46. Rb4 Rd3 47.
Rc4 Ke6 48. Rc6+ Rd6 49. Rc4 Kf5 50. Rb4 g5 51. hxg5 Kxg5 52. Rc4 Rd3 53. Rb4 f5
54. Rb5 e4 55. Rb8 f4 56. Rg8+ Kh6 0-1

[Event "ch-FRA Blitz Online Qual"]
[Site "Europe-Chess INT"]
[Date "2020.05.16"]
[Round "3"]
[White "Djidjeli, Sarah"]
[Black "Bellahcene, Bilel"]
[Result "0-1"]
[BlackTitle "GM"]
[WhiteElo "2074"]
[BlackElo "2501"]
[WhiteFideId "36067474"]
[BlackFideId "696358"]
[EventDate "2020.05.16"]

1. e4 c5 2. Nf3 d6 3. d4 cxd4 4. Nxd4 Nf6 5. f3 e5 6. Nb3 d5 7. Bg5 d4 8. c3 Nc6
9. cxd4 Bb4+ 10. Nc3 exd4 11. a3 Be7 12. Nb5 O-O 13. N5xd4 Nxe4 14. Nxc6 Qxd1+
15. Rxd1 Bxg5 16. fxe4 bxc6 17. Nd4 Re8 18. Bd3 Bb7 19. O-O Be3+ 20. Kh1 Bxd4
21. Bc4 c5 22. Bxf7+ Kh8 23. Bxe8 Rxe8 24. b4 h6 25. bxc5 Bxc5 26. a4 Bxe4 27.
Rf7 Bg6 28. Rc7 Bb6 29. Rcd7 Re5 30. h3 Kh7 31. R7d5 Re2 32. R5d2 Re4 33. Ra2
Bf7 34. Ra3 Bc5 35. Raa1 a5 36. Rdc1 Bb4 37. Rc7 Bb3 38. Rf1 Bxa4 39. Rff7 Re1+
40. Kh2 Bd6+ 41. g3 Bxc7 42. Rxc7 Bd1 43. Ra7 a4 0-1

[Event "ch-FRA Blitz Online Qual"]
[Site "Europe-Chess INT"]
[Date "2020.05.16"]
[Round "3"]
[White "Profili, Emilio"]
[Black "Philippe, Guillaume"]
[Result "0-1"]
[BlackTitle "IM"]
[WhiteElo "2053"]
[BlackElo "2354"]
[WhiteFideId "45160805"]
[BlackFideId "36048763"]
[EventDate "2020.05.16"]

1. e4 d6 2. d4 Nf6 3. Nc3 g6 4. Bg5 Bg7 5. Qd2 h6 6. Bf4 g5 7. Bg3 Nh5 8. O-O-O
e6 9. Be2 Nxg3 10. hxg3 Nc6 11. Qe3 Qf6 12. d5 Nd4 13. f4 Bd7 14. Bc4 b5 15. Bd3
b4 16. dxe6 fxe6 17. e5 dxe5 18. Ne4 Qe7 19. fxg5 hxg5 20. Rxh8+ Bxh8 21. Nxg5
O-O-O 22. N1f3 Qc5 23. Nxd4 exd4 0-1

[Event "ch-FRA Blitz Online Qual"]
[Site "Europe-Chess INT"]
[Date "2020.05.16"]
[Round "3"]
[White "Maccagnan, Tomas"]
[Black "Migot, Tangi"]
[Result "0-1"]
[BlackTitle "IM"]
[WhiteElo "1968"]
[BlackElo "2351"]
[WhiteFideId "26091763"]
[BlackFideId "662445"]
[EventDate "2020.05.16"]

1. e4 c5 2. Nf3 Nc6 3. d4 cxd4 4. Nxd4 e5 5. Nb5 a6 6. Nd6+ Bxd6 7. Qxd6 Qf6 8.
Qa3 Nge7 9. Nc3 Rb8 10. Be3 b5 11. Nd5 Nxd5 12. exd5 Ne7 13. Rd1 Bb7 14. c4 d6
15. cxb5 O-O 16. bxa6 Bxd5 17. a7 Ra8 18. Be2 Bxg2 19. Rg1 Bb7 20. Bg5 Qg6 21.
Rxd6 Qb1+ 22. Rd1 Qe4 23. Qxe7 Ba6 24. Rd2 Bxe2 25. Rxe2 Qb1+ 26. Kd2 Qxg1 27.
Be3 Rfd8+ 28. Kc3 Rdc8+ 29. Kb3 Qd1+ 0-1

[Event "ch-FRA Blitz Online Qual"]
[Site "Europe-Chess INT"]
[Date "2020.05.16"]
[Round "3"]
[White "Blanchard, Samuel"]
[Black "Fantinel, Thibault"]
[Result "0-1"]
[BlackTitle "IM"]
[WhiteElo "1921"]
[BlackElo "2375"]
[WhiteFideId "36023990"]
[BlackFideId "663395"]
[EventDate "2020.05.16"]

1. e4 c5 2. b3 g6 3. Bb2 Nf6 4. e5 Nd5 5. e6 f6 6. exd7+ Bxd7 7. Nf3 Nc6 8. Be2
Bg7 9. O-O O-O 10. Nc3 Nxc3 11. Bxc3 e5 12. h3 Be6 13. Re1 Qd7 14. Bb5 a6 15.
Bc4 Rfe8 16. Bxe6+ Rxe6 17. d3 Rc8 18. Qd2 Nd4 19. Bxd4 cxd4 20. Re2 Rec6 21.
Ne1 Bf8 22. f4 exf4 23. Qxf4 Bd6 24. Qe4 Bb4 25. Nf3 Rxc2 26. Rae1 Bxe1 27. Rxe1
Rxa2 28. Nxd4 Rd8 29. Ne6 Re8 30. Qc4 b5 0-1

[Event "ch-FRA Blitz Online Qual"]
[Site "Europe-Chess INT"]
[Date "2020.05.16"]
[Round "3"]
[White "Macon, Arthur"]
[Black "Van Hoolandt, Patrick"]
[Result "1-0"]
[WhiteTitle "FM"]
[BlackTitle "FM"]
[WhiteElo "2310"]
[BlackElo "2063"]
[WhiteFideId "20654707"]
[BlackFideId "200999"]
[EventDate "2020.05.16"]

1. Nf3 d5 2. g3 c6 3. Bg2 Bg4 4. O-O Nd7 5. d3 e6 6. b3 Be7 7. Bb2 Bf6 8. d4 Be7
9. Nbd2 Ngf6 10. c4 O-O 11. h3 Bh5 12. g4 Bg6 13. Nh4 Re8 14. Nxg6 hxg6 15. e3
Bd6 16. c5 Bb8 17. f4 b6 18. b4 a5 19. a3 axb4 20. axb4 Rxa1 21. Qxa1 bxc5 22.
bxc5 Qc7 23. Nf3 Ne4 24. Ne5 g5 25. Bxe4 dxe4 26. Bc3 gxf4 27. exf4 Nf6 28. Ba5
Qc8 29. Qa4 Bxe5 30. dxe5 Nd7 31. Bb6 Qb7 32. Qxe4 Nxb6 33. Rb1 Ra8 34. cxb6 Ra6
35. Qd4 Ra2 36. Qd8+ Kh7 37. Rd1 c5 38. Qh4+ Kg6 39. f5+ exf5 40. Qh5# 1-0

[Event "ch-FRA Blitz Online Qual"]
[Site "Europe-Chess INT"]
[Date "2020.05.16"]
[Round "3"]
[White "Maisuradze, Nino"]
[Black "Zienkiewicz, Jan"]
[Result "1-0"]
[WhiteTitle "WGM"]
[WhiteElo "2214"]
[BlackElo "1914"]
[WhiteFideId "13601717"]
[BlackFideId "45116768"]
[EventDate "2020.05.16"]

1. d4 Nf6 2. c4 g6 3. Nc3 Bg7 4. e4 d6 5. f4 c5 6. d5 O-O 7. Nf3 b5 8. Be2 b4 9.
e5 bxc3 10. exf6 Bxf6 11. Rb1 Bf5 12. Bd3 Qd7 13. O-O Na6 14. bxc3 Bxc3 15. Bb2
Bxb2 16. Rxb2 Rab8 17. Re2 Rfe8 18. Rfe1 Rb7 19. Nh4 Bxd3 20. Qxd3 Nb4 21. Qg3
a5 22. f5 Qd8 23. fxg6 hxg6 24. Nxg6 fxg6 25. Qxg6+ Kh8 26. Re3 Qd7 27. Qh6+ Kg8
28. Rg3+ Kf7 29. Rf1+ Qf5 30. Rxf5# 1-0

[Event "ch-FRA Blitz Online Qual"]
[Site "Europe-Chess INT"]
[Date "2020.05.16"]
[Round "3"]
[White "Pigeat, Alexandre"]
[Black "Weisman, Nathan"]
[Result "1-0"]
[WhiteTitle "FM"]
[WhiteElo "2293"]
[BlackElo "2186"]
[WhiteFideId "20649444"]
[BlackFideId "36060895"]
[EventDate "2020.05.16"]

1. d4 Nf6 2. c4 g6 3. f3 d5 4. cxd5 Nxd5 5. e4 Nb6 6. Nc3 Bg7 7. Be3 O-O 8. a4
a5 9. Qd2 Nc6 10. Rd1 e5 11. d5 Nd4 12. Bd3 c6 13. dxc6 Nxc6 14. Nge2 Be6 15.
Bb5 Qc7 16. Nd5 Nxd5 17. exd5 Rfd8 18. d6 Qd7 19. Bb6 Rdc8 20. O-O f5 21. Nc3
Bf8 22. Nd5 Qxd6 23. Nc7 Qxd2 24. Rxd2 Bf7 25. Nxa8 Rxa8 26. Rd7 Rb8 27. Rfd1
Nd4 28. Bc7 Rc8 29. Bxe5 Nxb5 30. axb5 Bc5+ 31. Kh1 b6 32. Rd8+ Rxd8 33. Rxd8+ 1-0

[Event "ch-FRA Blitz Online Qual"]
[Site "Europe-Chess INT"]
[Date "2020.05.16"]
[Round "3"]
[White "Cavailles, Evan"]
[Black "Schweitzer, Adrien"]
[Result "1-0"]
[WhiteElo "2018"]
[BlackElo "2086"]
[WhiteFideId "36048445"]
[BlackFideId "628220"]
[EventDate "2020.05.16"]

1. e4 e5 2. Nf3 Nc6 3. Bb5 f5 4. d3 fxe4 5. dxe4 Nf6 6. O-O Bc5 7. Bg5 d6 8. Nc3
O-O 9. Nd5 Kh8 10. h3 Be6 11. Bc4 Bxd5 12. Bxd5 Qe8 13. Bxf6 Rxf6 14. c3 Qh5 15.
Nd2 Raf8 16. Qxh5 1-0

[Event "ch-FRA Blitz Online Qual"]
[Site "Europe-Chess INT"]
[Date "2020.05.16"]
[Round "3"]
[White "Rode, Antony"]
[Black "Meillon, Judicael"]
[Result "1-0"]
[WhiteElo "2055"]
[BlackElo "2063"]
[WhiteFideId "626236"]
[BlackFideId "36044288"]
[EventDate "2020.05.16"]

1. e4 g6 2. d4 Bg7 3. Nc3 d6 4. f4 a6 5. Bd3 b5 6. Nf3 Bb7 7. O-O Nd7 8. e5 e6
9. exd6 cxd6 10. Ne4 Nb6 11. Kh1 Nf6 12. Qe2 Nxe4 13. Bxe4 Bxe4 14. Qxe4 O-O 15.
c3 d5 16. Qe2 Rc8 17. Ne5 Nd7 18. Rf3 Qe7 19. Rh3 Nxe5 20. fxe5 f6 21. exf6 Qxf6
22. Rf3 Qe7 23. Bf4 Rf7 24. Re1 Rcf8 25. Ref1 g5 26. Be5 Bxe5 27. dxe5 Rxf3 28.
Rxf3 Rxf3 29. Qxf3 Qf7 30. Qe2 Qf5 31. h3 Qb1+ 32. Kh2 Qxa2 33. Qh5 Qxb2 34.
Qxg5+ Kf8 35. Qf6+ Kg8 36. Qxe6+ Kf8 37. Qf6+ Kg8 38. e6 Qa3 39. Qf7+ Kh8 40.
Qe8+ Kg7 41. Qf7+ Kh6 42. Qf6+ Kh5 43. g4# 1-0

[Event "ch-FRA Blitz Online Qual"]
[Site "Europe-Chess INT"]
[Date "2020.05.16"]
[Round "3"]
[White "Hue, Victor"]
[Black "Jacquot, David"]
[Result "1/2-1/2"]
[WhiteElo "2038"]
[BlackElo "1830"]
[WhiteFideId "26045710"]
[BlackFideId "20624093"]
[EventDate "2020.05.16"]

1. e4 c5 2. Nf3 Nc6 3. d4 cxd4 4. Nxd4 e5 5. Nb5 a6 6. N5c3 d6 7. Nd5 Nce7 8.
Nbc3 Nxd5 9. Nxd5 Nf6 10. Bg5 Be7 11. Bxf6 Bxf6 12. Bc4 O-O 13. O-O Be6 14. Qf3
Rc8 15. Bb3 Bxd5 16. Bxd5 Rxc2 17. Bxb7 Qb6 18. Bd5 Qxb2 19. Bb3 Rc3 20. Qg4 Qd2
21. Rad1 Qf4 22. Qxf4 exf4 23. Rxd6 a5 24. Rd5 a4 25. Bxa4 Rc4 26. e5 Rxa4 27.
exf6 gxf6 28. Ra1 Kg7 29. f3 Kg6 30. Rd2 Rfa8 31. Kf2 Ra3 32. g3 fxg3+ 33. hxg3
f5 34. f4 Kh5 35. Rh1+ Kg6 36. Ra1 Kh5 37. Rh1+ Kg6 38. Ra1 1/2-1/2

[Event "ch-FRA Blitz Online Qual"]
[Site "Europe-Chess INT"]
[Date "2020.05.16"]
[Round "3"]
[White "Bourgeois, Florian"]
[Black "Spano, Remy"]
[Result "1/2-1/2"]
[WhiteElo "2033"]
[BlackElo "1662"]
[WhiteFideId "690660"]
[BlackFideId "26092948"]
[EventDate "2020.05.16"]

1. e4 e6 2. Nf3 d5 3. exd5 exd5 4. d4 Bd6 5. Bd3 Ne7 6. O-O Nbc6 7. c3 Bg4 8.
Bg5 f6 9. Bh4 g5 10. Bg3 Qd7 11. Nbd2 h5 12. Bxd6 Qxd6 13. h3 Bd7 14. c4 O-O-O
15. c5 Qe6 16. Re1 Qf7 17. b4 g4 18. Nh4 gxh3 19. gxh3 Rdg8+ 20. Kh2 Nxd4 21.
Ndf3 Nxf3+ 22. Qxf3 Bc6 23. b5 Bd7 24. a4 f5 25. Qf4 Ng6 26. Nxg6 Qxg6 27. Rg1
Qf6 28. Rae1 Re8 29. Rxe8+ Rxe8 30. h4 Qe5 31. Qxe5 Rxe5 32. Rg8+ Re8 33. Rg5
Re5 34. Rxh5 d4 35. Rh8+ Re8 36. Rxe8+ Bxe8 37. Bxf5+ Kd8 38. Kg3 Ke7 39. Kg4
Kf6 40. h5 c6 41. h6 cxb5 42. axb5 Bxb5 43. h7 Kg7 44. Kf3 a5 45. Ke4 d3 46. Ke3
a4 47. Bxd3 Bc6 48. Bc4 Kxh7 49. Kf4 Kg7 50. Ke5 Kg6 51. f4 Kg7 52. Ke6 Kf8 53.
f5 a3 54. f6 Be8 55. Kd6 Bc6 56. Kc7 Be4 57. Kb6 Bc6 58. Ka5 Be8 59. Kb4 Bf7 60.
Bxf7 Kxf7 61. Kxa3 Kxf6 62. Kb4 Ke7 63. Kb5 Kd7 64. Kb6 Kc8 65. Ka5 Kc7 66. Kb5
Kc8 67. Kb6 Kb8 68. c6 bxc6 69. Kxc6 1/2-1/2

[Event "ch-FRA Blitz Online Qual"]
[Site "Europe-Chess INT"]
[Date "2020.05.16"]
[Round "3"]
[White "Boumrar, Ayrad"]
[Black "Ciccoli, Theo"]
[Result "0-1"]
[WhiteElo "1431"]
[BlackElo "2178"]
[WhiteFideId "45182310"]
[BlackFideId "26053780"]
[EventDate "2020.05.16"]

1. d4 Nf6 2. c4 c5 3. d5 b5 4. cxb5 a6 5. b6 g6 6. Nc3 d6 7. e4 Bg7 8. Nf3 Qxb6
9. a4 a5 10. Bb5+ Bd7 11. O-O Bxb5 12. axb5 Nbd7 13. Qe2 O-O 14. h3 Rfb8 15. Bg5
h6 16. Bf4 Ne8 17. Qd2 Kh7 18. Rfe1 Nc7 19. e5 dxe5 20. Nxe5 Nxe5 21. Bxe5 Bxe5
22. Rxe5 Qd6 23. Rae1 Nxb5 24. Nxb5 Rxb5 25. Rxe7 Qf6 26. d6 Rxb2 27. Qe3 Rd8
28. d7 c4 29. Rd1 c3 30. Re8 c2 31. Rd3 Rb1+ 32. Kh2 c1=Q 33. Qxc1 Rxc1 34. Rf3
Qxf3 35. gxf3 Rxd7 36. Ra8 Rd2 37. Kg3 Rg1+ 38. Kh2 Rf1 39. Rxa5 Rdxf2+ 40. Kg3
Rxf3+ 41. Kg4 f5+ 42. Kh4 g5+ 43. Kh5 Rxh3# 0-1

[Event "ch-FRA Blitz Online Qual"]
[Site "Europe-Chess INT"]
[Date "2020.05.16"]
[Round "3"]
[White "Mamedov, Rauf"]
[Black "Le Bail, Stephane"]
[Result "1-0"]
[WhiteTitle "GM"]
[WhiteElo "2654"]
[BlackElo "1746"]
[WhiteFideId "13401653"]
[BlackFideId "655368"]
[EventDate "2020.05.16"]

1. e4 e5 2. Nf3 Nc6 3. Bc4 Bc5 4. c3 d6 5. d4 exd4 6. cxd4 Bb4+ 7. Nc3 Nge7 8.
O-O O-O 9. Bb3 Bg4 10. Be3 Bxc3 11. bxc3 Na5 12. Bc2 Bh5 13. h3 Kh8 14. g4 Bg6
15. Nh4 Nc4 16. Bc1 h6 17. Nf5 Bxf5 18. gxf5 Nc6 19. Qd3 Nb6 20. Kh2 f6 21. Rg1
Rf7 22. Rg6 Kh7 23. Qg3 Ne7 24. Bxh6 gxh6 25. Rxh6+ Kxh6 26. Rg1 Nxf5 27. Qg6# 1-0

[Event "ch-FRA Blitz Online Qual"]
[Site "Europe-Chess INT"]
[Date "2020.05.16"]
[Round "3"]
[White "Herbin, Alexandre"]
[Black "Dourerassou, Jonathan"]
[Result "0-1"]
[BlackTitle "GM"]
[WhiteElo "1869"]
[BlackElo "2477"]
[WhiteFideId "36047783"]
[BlackFideId "628050"]
[EventDate "2020.05.16"]

1. e4 c5 2. Nf3 Nc6 3. d4 cxd4 4. Nxd4 Nf6 5. Nc3 e6 6. Nxc6 bxc6 7. e5 Nd5 8.
Ne4 Qc7 9. f4 f5 10. Nd6+ Bxd6 11. exd6 Qa5+ 12. Bd2 Qb6 13. c4 Ne3 14. Qe2 Nc2+
15. Kd1 Nxa1 16. Bc3 O-O 17. Qe5 Rf7 18. Be2 Ba6 19. Bh5 Rf6 20. Qe2 Raf8 21.
Bxf6 Rxf6 22. Kd2 Qxb2+ 23. Ke3 Nc2+ 24. Kf2 Qd4+ 25. Kg3 Qc3+ 26. Bf3 Nd4 27.
Qf2 Rg6+ 28. Kh3 Nxf3 29. gxf3 Qxc4 30. Qe3 Qxa2 31. Rg1 Bf1+ 32. Rg2 Qxg2+ 33.
Kh4 Qh3# 0-1

[Event "ch-FRA Blitz Online Qual"]
[Site "Europe-Chess INT"]
[Date "2020.05.16"]
[Round "3"]
[White "Gordon, Louis"]
[Black "Viennot, Dylan"]
[Result "0-1"]
[BlackTitle "FM"]
[WhiteElo "1758"]
[BlackElo "2331"]
[WhiteFideId "45186162"]
[BlackFideId "676098"]
[EventDate "2020.05.16"]

1. d4 e6 2. Nf3 d5 3. e3 Nf6 4. Bd3 c5 5. b3 Nc6 6. Bb2 Bd6 7. Nbd2 Qc7 8. a3
O-O 9. O-O e5 10. dxe5 Nxe5 11. Nxe5 Bxe5 12. Bxe5 Qxe5 13. Nf3 Qe7 14. Qe2 b6
15. Rad1 Bb7 16. Rfe1 Rfd8 17. c4 g6 18. cxd5 Bxd5 19. Bc4 Qb7 20. Bxd5 Rxd5 21.
Qc2 Rad8 22. h3 Qd7 23. Rxd5 Qxd5 24. Kf1 Qd3+ 25. Qxd3 Rxd3 26. Rb1 Ne4 27. Ke2
Rd5 28. Rc1 a5 29. a4 f6 30. Rc2 Kf7 31. Nd2 Nd6 32. Nc4 Nxc4 33. Rxc4 Ke6 34.
e4 Rd7 35. f3 g5 36. Rc3 Ke5 37. Rd3 Rd4 38. g3 h5 39. Ke3 Rxd3+ 40. Kxd3 h4 41.
gxh4 gxh4 42. Kc4 Kf4 43. Kb5 Kxf3 44. Kxb6 Kxe4 45. Kxa5 f5 46. Kb5 f4 47. a5
f3 48. a6 f2 49. a7 f1=Q+ 50. Kb6 Qa1 51. Kb7 Qg7+ 52. Kb8 Qf8+ 53. Kb7 Qe7+ 54.
Kb8 Qd8+ 55. Kb7 Kd4 56. a8=Q Qxa8+ 57. Kxa8 Kc3 58. Kb7 Kxb3 59. Kc6 c4 60. Kd5
c3 61. Ke4 c2 62. Kf4 c1=Q+ 63. Kg4 Qh6 64. Kf3 Qg5 65. Kf2 Qg3+ 66. Ke2 Qxh3
67. Kd1 Qg2 68. Ke1 h3 69. Kd1 Qf2 70. Kc1 Qc2# 0-1

[Event "ch-FRA Blitz Online Qual"]
[Site "Europe-Chess INT"]
[Date "2020.05.16"]
[Round "3"]
[White "Barseghyan, Harutyun"]
[Black "Flores, Victor"]
[Result "1-0"]
[WhiteTitle "IM"]
[WhiteElo "2463"]
[BlackElo "1741"]
[WhiteFideId "13304585"]
[BlackFideId "45133492"]
[EventDate "2020.05.16"]

1. d4 Nf6 2. Nf3 g6 3. Nbd2 Bg7 4. e4 d6 5. Bd3 O-O 6. O-O Nc6 7. Re1 e5 8. c3
Qe7 9. h3 Nh5 10. dxe5 dxe5 11. Nf1 Nf4 12. Bb5 Nd8 13. Ng3 Nde6 14. Qc2 c6 15.
Bf1 Qc7 16. Be3 Rd8 17. a4 a5 18. Qb3 Bf8 19. Bb6 Qd7 20. Rad1 Bd6 21. Nxe5 Bxe5
22. Rxd7 Rxd7 23. Nf5 gxf5 24. exf5 Re7 25. Rxe5 Nc5 26. Rxc5 Nd5 27. Rxd5 cxd5
28. Qxd5 Bd7 29. f6 Be6 30. Qg5+ Kf8 31. fxe7+ Ke8 32. Bb5+ Bd7 33. Qg8+ Kxe7
34. Qxa8 1-0

[Event "ch-FRA Blitz Online Qual"]
[Site "Europe-Chess INT"]
[Date "2020.05.16"]
[Round "3"]
[White "Saada, Julien"]
[Black "Ibrouchene, Christophe"]
[Result "1-0"]
[WhiteTitle "FM"]
[WhiteElo "2250"]
[BlackElo "1797"]
[WhiteFideId "625388"]
[BlackFideId "45110786"]
[EventDate "2020.05.16"]

1. d4 e5 2. dxe5 Nc6 3. Bf4 Qe7 4. Nc3 Nxe5 5. Nd5 Qd6 6. Qd4 f6 7. Nf3 c6 8.
Nxe5 fxe5 9. Bxe5 Qxd5 10. Bxg7 Qa5+ 11. Qc3 Bb4 12. Bxh8 d5 13. e3 Bf5 14. Be2
Ne7 15. O-O Bxc3 16. Bxc3 Qc7 17. Bh5+ Kd7 18. Rac1 Rg8 19. g3 Bh3 20. Rfd1 Kc8
21. Bf6 Ng6 22. c4 dxc4 23. Rxc4 Ne5 24. Rf4 Nd7 25. Be7 Be6 26. Bd6 Qa5 27. Bf3
Qxa2 28. b4 a6 29. Rfd4 Qb3 30. Be7 Nb6 31. R1d3 Qb1+ 32. Kg2 Nd5 33. Bc5 Qa1
34. Bd6 Qb2 35. e4 Nf6 36. Bc5 Qa1 37. Bb6 Nd7 38. Bc5 Nxc5 39. bxc5 Qa5 40. Rd6
Re8 41. Rxe6 Rxe6 42. Bg4 Qxc5 43. Bxe6+ Kc7 44. Rd7+ Kb6 45. Rxh7 a5 46. Bc8 a4
47. Rxb7+ Ka5 48. Be6 a3 49. Rb8 Qd4 50. f3 a2 51. Ra8+ Kb6 52. Rxa2 c5 53. Bd5
c4 54. Rc2 c3 55. Kh3 Kc5 56. g4 Kb4 57. g5 Qd3 58. Rg2 c2 59. Rxc2 Qxc2 60. Kg4
Qxh2 61. f4 Kc5 62. Kf5 Kd4 63. g6 Qh3+ 64. Kf6 Qh4+ 65. Kf5 Qe7 66. Be6 Kc5 67.
e5 Kd4 68. Bf7 Ke3 69. e6 Kf3 70. g7 Qc5+ 71. Kf6 Qd4+ 72. Kg6 Qxf4 73. g8=Q
Qe4+ 74. Kf6 Qf4+ 75. Kg7 Qe5+ 76. Kh7 Qh2+ 77. Kg7 Qe5+ 78. Kf8 Qb8+ 79. Be8
Qd6+ 80. Kg7 Qe5+ 81. Kf7 Qf4+ 82. Kg6 Qg3+ 83. Kh7 Qh2+ 84. Kg7 Qe5+ 85. Kf8
Qd6+ 86. e7 Qh6+ 87. Qg7 Qd6 88. Bh5+ Ke3 89. Qg5+ Kd4 90. Qg4+ Kc5 91. Qf5+ Kb6
92. Qg6 Kc7 93. Qxd6+ Kxd6 94. e8=Q Kc5 95. Qe4 Kd6 96. Be2 Kc7 97. Qd5 Kb6 98.
Ke7 1-0

[Event "ch-FRA Blitz Online Qual"]
[Site "Europe-Chess INT"]
[Date "2020.05.16"]
[Round "3"]
[White "Levy, Kevin"]
[Black "Saya, Ethan"]
[Result "0-1"]
[WhiteElo "1740"]
[BlackElo "2199"]
[WhiteFideId "45128588"]
[BlackFideId "26095181"]
[EventDate "2020.05.16"]

1. e4 e6 2. d4 d5 3. Nd2 dxe4 4. Nxe4 Nd7 5. Be3 Ngf6 6. Nxf6+ Nxf6 7. Nf3 Be7
8. Bd3 O-O 9. O-O b6 10. c4 Bb7 11. Qc2 c5 12. Rad1 cxd4 13. Nxd4 Qc7 14. Rfe1
Rfd8 15. Bf1 Ng4 16. h3 Qh2# 0-1

[Event "ch-FRA Blitz Online Qual"]
[Site "Europe-Chess INT"]
[Date "2020.05.16"]
[Round "3"]
[White "Billot, Daniel"]
[Black "Doluhanova, Evgeniya"]
[Result "0-1"]
[BlackTitle "WGM"]
[WhiteElo "1679"]
[BlackElo "2229"]
[WhiteFideId "618004"]
[BlackFideId "14112035"]
[EventDate "2020.05.16"]

1. e4 e5 2. d4 exd4 3. c3 d5 4. exd5 Qxd5 5. cxd4 Nf6 6. Nf3 Bg4 7. Be2 Nc6 8.
O-O Be7 9. Nc3 Qh5 10. Re1 O-O 11. d5 Rad8 12. Qa4 Nxd5 13. Nxd5 Rxd5 14. h3 Be6
15. Ng5 Qg6 16. Nxe6 fxe6 17. Bf3 Rxf3 18. Rxe6 Qxe6 19. gxf3 Qe1+ 0-1

[Event "ch-FRA Blitz Online Qual"]
[Site "Europe-Chess INT"]
[Date "2020.05.16"]
[Round "3"]
[White "Delorme, Alban"]
[Black "Staune, Jean"]
[Result "1-0"]
[WhiteTitle "FM"]
[WhiteElo "2322"]
[BlackElo "1719"]
[WhiteFideId "623636"]
[BlackFideId "26091631"]
[EventDate "2020.05.16"]

1. e4 e5 2. d4 exd4 3. Qxd4 Nc6 4. Qe3 g6 5. Nc3 Bg7 6. Bd2 Nf6 7. O-O-O O-O 8.
Bc4 a6 9. f4 b5 10. Bb3 Na5 11. e5 Ne8 12. Ne4 Nxb3+ 13. axb3 Bb7 14. Bb4 d6 15.
Nf3 Qb8 16. exd6 Bxe4 17. d7 Nf6 18. Bxf8 Bxf3 19. d8=Q Qxd8 20. Rxd8 Rxd8 21.
Bxg7 Bxg2 22. Bxf6 Rc8 23. f5 c5 24. Qh6 Bxh1 25. c3 1-0

[Event "ch-FRA Blitz Online Qual"]
[Site "Europe-Chess INT"]
[Date "2020.05.16"]
[Round "3"]
[White "Durand-Le Ludec, Brendan-Budok"]
[Black "Gauthier, Laurent2"]
[Result "1-0"]
[WhiteElo "2205"]
[BlackElo "1704"]
[WhiteFideId "26064340"]
[BlackFideId "676810"]
[EventDate "2020.05.16"]

1. e4 e5 2. Bc4 Nf6 3. Qf3 Bc5 4. Ne2 O-O 5. d3 c6 6. Bg5 h6 7. Bxf6 Qxf6 8.
Qxf6 gxf6 9. Nbc3 b5 10. Bb3 a5 11. a3 Bb7 12. O-O Na6 13. Kh1 Nc7 14. f4 d5 15.
Ng3 Kh7 16. Rf3 b4 17. Na4 Bd6 18. Nf5 Rad8 19. axb4 Bxb4 20. c3 Bd6 21. fxe5
Bxe5 22. d4 dxe4 23. Rh3 Bf4 24. Rf1 Bg5 25. Nc5 Ba6 26. Re1 Bd3 27. Nxd3 exd3
28. Rxd3 Rfe8 29. Rdd1 Kg6 30. Ne7+ Kg7 31. Nxc6 Rxe1+ 32. Rxe1 Rd6 33. Nxa5 Rb6
34. Re7 Ne6 35. Bxe6 Rxe6 36. Rxe6 fxe6 37. g3 Bc1 38. Nc4 Kf7 39. Kg2 Ke7 40.
Kf3 h5 41. Ke2 Bh6 42. b4 Kd7 43. b5 Kc7 44. Kd3 Bf8 45. Ke4 Be7 46. h3 Bd8 47.
g4 hxg4 48. hxg4 Be7 49. Ne3 Kb6 50. c4 Kb7 51. c5 Kc7 52. Nc4 Bf8 53. c6 Be7
54. d5 f5+ 55. gxf5 exf5+ 56. Kxf5 Bc5 57. b6+ Bxb6 58. Nxb6 Kxb6 59. Ke6 1-0

[Event "ch-FRA Blitz Online Qual"]
[Site "Europe-Chess INT"]
[Date "2020.05.16"]
[Round "3"]
[White "De Seroux, Camille"]
[Black "Akopian, Edwin"]
[Result "1-0"]
[WhiteTitle "WIM"]
[WhiteElo "2137"]
[BlackElo "1706"]
[WhiteFideId "1305620"]
[BlackFideId "36068357"]
[EventDate "2020.05.16"]

1. e4 e5 2. Nc3 Nc6 3. g3 Nf6 4. Bg2 Bb4 5. Nge2 d6 6. O-O O-O 7. Nd5 Bc5 8. c3
a5 9. d4 Ba7 10. Bg5 Re8 11. Qd2 Be6 12. Kh1 exd4 13. cxd4 Bxd5 14. exd5 Nb8 15.
Nc3 h6 16. Bxf6 Qxf6 17. Nb5 Na6 18. Rac1 Bb6 19. Rfe1 Rac8 20. a3 Re7 21. Rxe7
Qxe7 22. Re1 Qd7 23. Nc3 Re8 24. Rxe8+ Qxe8 25. Qe3 Kf8 26. Ne4 f6 27. h4 Kf7
28. Bh3 Kf8 29. Qf4 Nb8 30. Be6 Nd7 31. Qf5 Nb8 32. Qh7 Ke7 33. Qxg7+ Kd8 34.
Nxf6 Qe7 35. Qg8+ 1-0